000 00463nam a2200169 a 4500
005 20140412111344.0
008 041005s19uu xx 00 eng d
020 _a81-7826-015-8
050 _aM 509.2
_bAl1 2000
245 _aAlbert Einstein :
_bWorld great scientists.
260 _aIndia :
_bRohan book company,
_c2000.
300 _a24
440 _aWorld great scientist
650 _aScientist works
650 _aScientist - Biography
999 _c105185
_d105185